Transformational grammar and the teacher of english

Saved in:
Bibliographic Details
Main Author: Thomas, Owen (Author)
Format: Book
Language:English
Published: Nueva York Holt, Rinehart and Winston 1967
Subjects:
Tags: Add Tag
No Tags, Be the first to tag this record!

MARC

LEADER 00000nam a2200000 a 4500
001 UCI2057
003 CL-VaPUC
008 070803e19670000US |||||||||||||||||eng|d
082 0 4 |a 415  |b THO  |2 21 
100 0 |a Thomas, Owen  |e author  |9 522908 
245 1 0 |a Transformational grammar and the teacher of english 
300 |a 240 p 
942 |c BK 
945 |d 20070803 00:00:00  |a rbrito 
260 |a Nueva York  |b Holt, Rinehart and Winston  |c 1967 
650 7 |a INGLES-GRAMATICA  |2 CL-VaPUC  |9 313180 
650 0 |a Gramática  |9 270497 
650 0 |a Enseñanza del inglés  |9 367340 
650 0 |a Enseñanza de idiomas  |9 339820 
583 |a last modification  |c 20070803 00:00:00  |k Rodrigo Vera 
999 |c 326704  |d 326702 
952 |0 0  |1 0  |4 0  |6 415_000000000000000_THO_1967  |7 0  |8 A  |9 408807  |a FDOPOS  |b FDOPOS  |d 2019-11-22  |i 4361083  |o 415 THO 1967  |p 4361083  |r 2025-01-22  |w 2019-11-22  |y BK  |k MLA